000
00339 a2200157 4500
001
71528
020
_a
040
_c
Anchieta - Colégio São Paulo
100
_a
França, Mary
240
1
0
_a
De lá e de cá
_l
por
245
1
0
_a
De lá e de cá
300
_a
23
362
0
_a
1986
650
4
_a
Literatura infanto-juvenil
942
_c
BK
999
_c
71528
_d
71528